Normal view
MARC view
- Electronics in military engineering
Entry Topical Term
001 - CONTROL NUMBER
- control field: 89615
003 - CONTROL NUMBER IDENTIFIER
- control field: NUST
005 - DATE AND TIME OF LATEST TRANSACTION
- control field: 20220225111316.0
008 - FIXED-LENGTH DATA ELEMENTS
- fixed length control field: 220225|| aca||aabn | a|a d
040 ## - CATALOGING SOURCE
- Original cataloging agency: NUST
- Transcribing agency: NUST
150 ## - HEADING--TOPICAL TERM
- Topical term or geographic name entry element: Electronics in military engineering
670 ## - SOURCE DATA FOUND
- Source citation: Work cat.: (NUST)0: Neri, Filippo, author. 89614, Introduction to electronic defense systems , 2018
